01689nam a22003017a 450000500170000000800410001702000180005810000240007624500640010025000530016430000620021749000220027952004870030152100450078853400170083365000480085065000480089865000360094665000360098270000310101883001460104926400580119533600270125333700330128033800280131304000350134108400110137620220316235139.0140531b2004 sp a|||g|||| 00| 01sspad  a97895888461011 aBase, Graemed1958-10aTambores mágicoscGraeme Base ; tradución Raquel Solá aEdición especial para el Ministerio de Cultura a[38] páginas sin enumerarbilustraciones a colorc29 cm aLeer es mi cuento aNgiri, el pequeño cerdo salvaje de este cuento, padece las continuas burlas de sus parientes debido a su tamaño, mas al intentar ir con los otros animales en busca de ánimo se verá así mismo defraudado. Triste vagabundea por la sabana cuando se encuentra con Nyumbu, la ñu más vieja y sabia, quien le obsequia un tambor mágico con el cual hacer realidad sus deseos; pero aprenderá Ngiri que obtener todo lo que se quiere no es siempre sinónimo de mayor contento. aRecomendado para niños de 6 a 8 años bJungle drums142LEMBaCuentos infantiles inglesesySiglo XX142LEMBaLiteratura infantil inglesaySiglo XX142LEMBaAnimales en la literatura142LEMBaTambores en la literatura1 aSoláa, Raqueletraductor aColección para la Primera Infancia del Ministerio de Cultura, Plan Nacional de Lectura y Escritura Leer es mi cuento, Primera Infancia 2013 aBarcelonaaBogotábJuventud S.AbPanamericanac2004 atextobtxt2rdacontent asin mediaciónbn2rdamedia avolumenbnc2rdacarrier aCO-BoRNBPbspaerdacCO-BoRNBP aC BAS5